000 00856nam a2200193 i 4500
001 29378
003 ES-MaACL
005 20250822235426.0
007 t|
008 030121s1867 fr ||||1| fre d
100 1 _aBarre, Albert.
_925870
245 1 0 _aGraveurs généraux et particuliers des monnaies de France
_b: controleurs généraux des effigies : noms de quelques graveurs en médailles de la renaissance française /
_cpar Albert Barre.
260 _aParís :
_b[s.n.],
_c1867 (
_fImp. de A. Pillet)
300 _a35 p. :
_b[1] lám. de grab. : retrato de J.-J. Barré ;
_c29 cm.
500 _aEn port.: Extrait de l'"Annuaire de la Société française de numismatique et d'archéologie". 1866-1867.
650 0 7 _aMedallas antiguas
_2embne
_9136477
852 _aES-MaACL
_jT-1088-F-14
_z.- Firma manuscrita del autor
999 _c29378
_d29378